000
00206 a2200097 4500
001
34658
100
_a
Dutton, Ellen
245
_a
LAN Security Handbook
260
_a
ND
_b
BPB
_c
1995
090
_c
22941
_d
22941
942
_a
NUST-CAE
_c
M
_c
14382
999
_c
269731
_d
269731